[Event "Verbandsliga Suedbaden 2223"]
[Site "Germany"]
[Date "2022.09.25"]
[Round "1.3"]
[White "Trabert, Lukas"]
[Black "Fischer, Markus"]
[Result "1-0"]
[WhiteElo "2161"]
[BlackElo "2255"]
[PlyCount "81"]
[EventDate "2022.09.25"]
[EventType "team-tourn"]
[EventRounds "9"]
[EventCountry "GER"]
[SourceTitle "EXT 2024"]
[Source "ChessBase"]
[SourceDate "2023.10.10"]
[SourceVersion "1"]
[SourceVersionDate "2023.10.10"]
[SourceQuality "1"]
[WhiteTeam "Zaehringen"]
[BlackTeam "Heitersheim"]
[WhiteTeamCountry "GER"]
[BlackTeamCountry "GER"]

1. e4 Nf6 2. Nc3 d5 3. e5 Ne4 4. Qe2 Nxc3 5. dxc3 c6 6. Nf3 Qb6 7. Nd4 e6 8. Nb3 Nd7 9. Be3 Qc7 10. f4 f6 11. Nd4 Nc5 12. Nf3 Ne4 13. g3 f5 14. Bg2 Be7 15. Nd4 Bd7 16. Bxe4 dxe4 17. Qc4 Qc8 18. 0-0-0 b5 19. Qe2 a6 20. c4 0-0 21. Nb3 c5 22. Bxc5 Bxc5 23. Nxc5 Qxc5 24. Rxd7 bxc4 25. c3 Rfd8 26. Rhd1 Rxd7 27. Rxd7 Rb8 28. Rd4 Rc8 29. a3 h6 30. h4 Kh7 31. g4 Rf8 32. g5 Rc8 33. Qh5 Qe7 34. Qe2 Qc7 35. Qd1 Rb8 36. Qe2 Rc8 37. Kb1 Qc5 38. gxh6 gxh6 39. Rd7+ Kh8 40. Qh5 Qf8 41. Qg6 1-0

[Event "Verbandsliga Suedbaden 2122"]
[Site "Baden"]
[Date "2022.05.22"]
[Round "5.3"]
[White "Trabert, Lukas"]
[Black "Kalix, Wolfgang"]
[Result "1-0"]
[WhiteElo "2161"]
[BlackElo "2008"]
[PlyCount "115"]
[EventDate "2021.10.10"]
[EventType "team-tourn"]
[EventRounds "9"]
[EventCountry "GER"]
[SourceTitle "EXT 2023"]
[Source "ChessBase"]
[SourceDate "2022.10.05"]
[SourceVersion "1"]
[SourceVersionDate "2022.10.05"]
[SourceQuality "1"]
[WhiteTeam "Zaehringen"]
[BlackTeam "Konstanz"]
[WhiteTeamCountry "GER"]
[BlackTeamCountry "GER"]

1. e4 e5 2. Nc3 Nc6 3. g3 Nf6 4. Bg2 d6 5. d3 Be7 6. h3 Nd4 7. Nf3 Nxf3+ 8. Qxf3 c6 9. 0-0 Be6 10. Qe2 g6 11. Bh6 Nh5 12. Kh2 Bg5 13. Bxg5 Qxg5 14. Qe3 Qxe3 15. fxe3 Ng7 16. d4 Ke7 17. b4 Bc4 18. Rfd1 Rhd8 19. a4 Ne6 20. Rd2 Nc7 21. Bf1 Bxf1 22. Rxf1 Rf8 23. g4 Rad8 24. Rfd1 exd4 25. exd4 d5 26. Re2 Kf6 27. Rf1+ Kg7 28. exd5 Nxd5 29. Nxd5 Rxd5 30. Re7 Rxd4 31. Rxb7 Rd2+ 32. Kg3 Rxc2 33. Rxa7 Rc3+ 34. Kg2 g5 35. Rf5 h6 36. a5 Kg6 37. Rc7 Rc4 38. Rb7 Rd8 39. Rfxf7 Rd2+ 40. Rf2 Rdd4 41. Rb2 Rd3 42. a6 Ra3 43. a7 h5 44. gxh5+ Kxh5 45. Kf2 Rcc3 46. Rh7+ Kg6 47. Rc7 Rc4 48. Ke2 Kh5 49. Rb3 Ra2+ 50. Kd3 Rf4 51. Rh7+ Kg6 52. Rb7 Rh4 53. Rc7 Rxh3+ 54. Kc4 Rxb3 55. Kxb3 Ra1 56. Rxc6+ Kh5 57. Rc7 Kh4 58. b5 1-0

[Event "Verbandsliga Suedbaden 2122"]
[Site "Baden"]
[Date "2021.11.21"]
[Round "3.3"]
[White "Milosevic, Goran"]
[Black "Trabert, Lukas"]
[Result "1/2-1/2"]
[WhiteElo "2288"]
[BlackElo "2161"]
[PlyCount "89"]
[EventDate "2021.10.10"]
[EventType "team-tourn"]
[EventRounds "9"]
[EventCountry "GER"]
[SourceTitle "EXT 2023"]
[Source "ChessBase"]
[SourceDate "2022.10.05"]
[SourceVersion "1"]
[SourceVersionDate "2022.10.05"]
[SourceQuality "1"]
[WhiteTeam "Dreisamtal"]
[BlackTeam "Zaehringen"]
[WhiteTeamCountry "GER"]
[BlackTeamCountry "GER"]

1. e4 e5 2. Nf3 Nc6 3. Bc4 d6 4. c3 Bg4 5. h3 Bh5 6. 0-0 Nf6 7. d3 Be7 8. Re1 0-0 9. Nbd2 a6 10. Bb3 Nd7 11. Nf1 Nc5 12. Bc2 Ne6 13. Ng3 Bxf3 14. Qxf3 Bg5 15. Be3 Qf6 16. Qg4 Qg6 17. Nf5 Bxe3 18. Nxe3 Ne7 19. b4 Rfd8 20. Bb3 Nf4 21. g3 Qxg4 22. hxg4 Ne6 23. Kg2 a5 24. a3 Ra7 25. Rab1 axb4 26. axb4 b6 27. Rf1 c5 28. Bxe6 fxe6 29. bxc5 bxc5 30. Nc4 Ra2 31. Rb6 Rc2 32. Rxd6 Rxd6 33. Nxd6 Rxc3 34. Rb1 g6 35. Rb8+ Kg7 36. Re8 Nc6 37. Rxe6 Nb4 38. Rxe5 Nxd3 39. Rd5 c4 40. f4 Rc2+ 41. Kf3 Rf2+ 42. Ke3 Rg2 43. Kf3 Rf2+ 44. Ke3 Rg2 45. Kf3 1/2-1/2

[Event "Verbandsliga Suedbaden 1617"]
[Site "Baden"]
[Date "2017.05.14"]
[Round "9.6"]
[White "Milovanovic, Milos"]
[Black "Trabert, Lukas"]
[Result "0-1"]
[WhiteElo "1756"]
[BlackElo "2161"]
[PlyCount "132"]
[EventDate "2016.10.09"]
[EventType "team-tourn"]
[EventRounds "9"]
[EventCountry "GER"]
[SourceTitle "EXT 2022"]
[Source "ChessBase"]
[SourceDate "2021.10.06"]
[SourceVersion "1"]
[SourceVersionDate "2021.10.06"]
[SourceQuality "1"]
[WhiteTeam "Gottmadingen"]
[BlackTeam "Zaehringen"]
[WhiteTeamCountry "GER"]
[BlackTeamCountry "GER"]

1. e4 e5 2. Nf3 Nc6 3. Bb5 Bc5 4. c3 Qf6 5. 0-0 Nge7 6. d3 0-0 7. b4 Bb6 8. Bg5 Qd6 9. Nbd2 Ng6 10. Nc4 Qe6 11. Nxb6 axb6 12. Bc4 Qg4 13. h3 Qh5 14. Be3 d6 15. Nh2 Qh4 16. Nf3 Qe7 17. Ng5 h6 18. Qh5 Nh8 19. Nf3 Be6 20. Bxe6 Qxe6 21. Qg4 Ra3 22. Rfc1 Ng6 23. Rc2 Nge7 24. Nh4 Kh7 25. Bc1 Ra4 26. Re2 Rfa8 27. Nf5 Nxf5 28. exf5 Qf6 29. Qe4 Rd8 30. g4 d5 31. Qg2 d4 32. b5 Na5 33. c4 Nb3 34. Rb1 Nc5 35. Qg3 Re8 36. a3 Re7 37. Rb4 Ra8 38. Rb1 Ree8 39. Bb2 Qd6 40. Rbe1 f6 41. h4 Qd7 42. Qh3 Rad8 43. Qf3 c6 44. bxc6 Qxc6 45. Qxc6 bxc6 46. Rd2 Kg8 47. h5 Kf7 48. f3 Rb8 49. Kf2 Re7 50. Rb1 b5 51. Bc1 Reb7 52. cxb5 Rxb5 53. Rxb5 Rxb5 54. Ke2 Na4 55. Rc2 c5 56. Rc4 Nc3+ 57. Kd2 Ke7 58. Kc2 Kd6 59. Bb2 Nd5 60. Ra4 Ne3+ 61. Kc1 Rb7 62. Ra6+ Kd5 63. a4 c4 64. a5 cxd3 65. Ba3 Nc4 66. Bf8 d2+ 0-1

[Event "Verbandsliga Suedbaden 1617"]
[Site "Baden"]
[Date "2017.01.29"]
[Round "5.3"]
[White "Trabert, Lukas"]
[Black "Fiderer, Lukas"]
[Result "0-1"]
[WhiteElo "2161"]
[BlackElo "2296"]
[PlyCount "80"]
[EventDate "2016.10.09"]
[EventType "team-tourn"]
[EventRounds "9"]
[EventCountry "GER"]
[SourceTitle "EXT 2022"]
[Source "ChessBase"]
[SourceDate "2021.10.06"]
[SourceVersion "1"]
[SourceVersionDate "2021.10.06"]
[SourceQuality "1"]
[WhiteTeam "Zaehringen"]
[BlackTeam "Baden Baden III"]
[WhiteTeamCountry "GER"]
[BlackTeamCountry "GER"]

1. e4 c5 2. d3 Nc6 3. c3 d5 4. Qc2 e5 5. f4 exf4 6. Bxf4 Bd6 7. Bxd6 Qxd6 8. Nd2 Nf6 9. Be2 0-0 10. Ngf3 Ng4 11. exd5 Ne3 12. Qb3 Na5 13. Qa4 b6 14. Kf2 Ng4+ 15. Kg1 Bd7 16. Qd1 Qxd5 17. Nf1 Rae8 18. Qd2 Re7 19. h3 Nf6 20. Ng3 Rfe8 21. Kf2 Nc6 22. Rhe1 h6 23. b3 Qd6 24. Bf1 Nd5 25. Rxe7 Rxe7 26. Re1 Rxe1 27. Qxe1 Qf6 28. Ne4 Qe7 29. c4 Ndb4 30. Qd2 Bf5 31. Nc3 Qd7 32. Ne1 Qd4+ 33. Ke2 Ne5 34. Nb5 Qg1 35. d4 Ned3 36. Qe3 Qxe3+ 37. Kxe3 Nxe1 38. dxc5 bxc5 39. a3 Nc6 40. Nd6 Bg6 0-1

[Event "Verbandsliga Suedbaden 1516"]
[Site "Baden"]
[Date "2015.10.25"]
[Round "2.4"]
[White "Trabert, Lukas"]
[Black "Bochis, Julia"]
[Result "0-1"]
[WhiteElo "2161"]
[BlackElo "2158"]
[PlyCount "90"]
[EventDate "2015.09.27"]
[EventType "team-tourn"]
[EventRounds "9"]
[EventCountry "GER"]
[SourceTitle "EXT 2022"]
[Source "ChessBase"]
[SourceDate "2021.10.06"]
[SourceVersion "1"]
[SourceVersionDate "2021.10.06"]
[SourceQuality "1"]
[WhiteTeam "Zaehringen"]
[BlackTeam "Baden Baden IV"]
[WhiteTeamCountry "GER"]
[BlackTeamCountry "GER"]

1. e4 c5 2. f4 Nc6 3. Nf3 d6 4. Bb5 Bd7 5. 0-0 Nf6 6. d3 g6 7. Nc3 Bg7 8. e5 dxe5 9. Nxe5 0-0 10. Bxc6 Bxc6 11. Nxc6 bxc6 12. Qe2 Re8 13. Rb1 Nd5 14. Nxd5 cxd5 15. f5 Rc8 16. Be3 d4 17. Bd2 Qd5 18. fxg6 hxg6 19. b3 Rc6 20. Rf3 e5 21. Qe4 Qxe4 22. dxe4 Rb8 23. Kf1 c4 24. Ke1 Bf8 25. Rc1 Ba3 26. Ra1 c3 27. Bg5 Kg7 28. Rd1 Rh8 29. h3 f6 30. Bc1 Ra6 31. Bxa3 Rxa3 32. Ra1 Rh4 33. g4 Rh8 34. Kd1 Rd8 35. Kc1 Rd6 36. Rd3 f5 37. gxf5 gxf5 38. exf5 Kf6 39. Rf3 e4 40. Rf4 Ke5 41. Rf1 Rh6 42. Kd1 Raa6 43. Ke2 Rxh3 44. Rh1 Rxh1 45. Rxh1 Rxa2 0-1

[Event "Oberliga Baden 1415"]
[Site "Baden"]
[Date "2015.02.22"]
[Round "7.4"]
[White "Trabert, Lukas"]
[Black "Scherer, Max"]
[Result "0-1"]
[WhiteElo "2159"]
[BlackElo "2279"]
[PlyCount "50"]
[EventDate "2014.09.21"]
[EventType "team-tourn"]
[EventRounds "9"]
[EventCountry "GER"]
[SourceTitle "EXT 2016"]
[Source "ChessBase"]
[SourceDate "2015.10.08"]
[SourceVersion "1"]
[SourceVersionDate "2015.10.08"]
[SourceQuality "1"]
[WhiteTeam "Freiburg Zaehringen"]
[BlackTeam "Dreisamtal"]
[WhiteTeamCountry "GER"]
[BlackTeamCountry "GER"]

1. e4 e6 2. d4 b6 3. c4 Bb7 4. Nd2 Bb4 5. f3 f5 6. exf5 Qh4+ 7. g3 Qxd4 8. fxe6 Nf6 9. a3 Bc5 10. Qe2 0-0 11. Nb3 Qd6 12. Bf4 Qc6 13. Nxc5 bxc5 14. 0-0-0 Re8 15. Bh3 dxe6 16. Qe5 Qa6 17. Qxc5 Bc6 18. Bf1 Nbd7 19. Qf2 e5 20. Bg5 Rab8 21. Bxf6 Nxf6 22. Bd3 e4 23. fxe4 Nxe4 24. Qf4 Rxb2 25. Rf1 Qxa3 0-1

[Event "Verbandsliga Sued Baden 1112"]
[Site "Germany"]
[Date "2012.04.29"]
[Round "9.5"]
[White "Trabert, Lukas"]
[Black "Schwierskott, Marc"]
[Result "1/2-1/2"]
[WhiteElo "2186"]
[BlackElo "2234"]
[PlyCount "161"]
[EventDate "2011.10.09"]
[EventType "team-tourn"]
[EventRounds "9"]
[EventCountry "GER"]
[SourceTitle "EXT 2013"]
[Source "ChessBase"]
[SourceDate "2012.11.22"]
[SourceVersion "1"]
[SourceVersionDate "2012.11.22"]
[SourceQuality "1"]
[WhiteTeam "Zaehringen"]
[BlackTeam "Brombach"]
[WhiteTeamCountry "GER"]
[BlackTeamCountry "GER"]

1. Nc3 d5 2. e4 d4 3. Nce2 e5 4. f4 Nc6 5. d3 f5 6. exf5 Nh6 7. fxe5 Nxe5 8. Bxh6 gxh6 9. Qd2 Bxf5 10. 0-0-0 Be7 11. Kb1 Qd5 12. Nf4 Qb5 13. Ka1 0-0-0 14. g3 Rd6 15. Nge2 Ng4 16. Nc1 Rhd8 17. Nb3 Ra6 18. Bh3 Bb4 19. Qe2 Re8 20. Qf3 Re3 21. Qd5 Qd7 22. Nxd4 Ra5 23. Qxd7+ Bxd7 24. c3 Bf8 25. Rde1 Rae5 26. Rxe3 Rxe3 27. Bxg4 Bxg4 28. Kb1 Bd6 29. Kc2 c5 30. Nb5 Bb8 31. Kd2 Bxf4 32. gxf4 Re2+ 33. Kc1 a6 34. Nd6+ Kd7 35. Ne4 Kc6 36. Rg1 h5 37. h4 c4 38. Ng3 Rf2 39. dxc4 Rxf4 40. b3 Rf2 41. a4 Rh2 42. Rh1 Rg2 43. Nf1 Ra2 44. Kb1 Re2 45. Kc1 Ra2 46. Ng3 Rg2 47. Ne4 Bf3 48. Re1 Rh2 49. Nf6 Rxh4 50. Re6+ Kc7 51. Re7+ Kd6 52. Rxh7 Rh2 53. b4 h4 54. Nd5 h3 55. Nf4 Bg2 56. Rh5 Bf1 57. c5+ Kd7 58. Rh7+ Kc8 59. c4 Rh1 60. Kb2 h2 61. Nd5 Kd8 62. Ne3 Bd3 63. Rh8+ Kd7 64. Ng4 Rb1+ 65. Kc3 h1Q 66. Rxh1 Rxh1 67. Ne5+ Ke6 68. Nxd3 Rh4 69. a5 Kf5 70. c6 bxc6 71. Nc5 Ke5 72. Nxa6 Rh3+ 73. Kb2 Kd4 74. b5 Kxc4 75. bxc6 Rh2+ 76. Kc1 Kb5 77. Nc7+ Kxc6 78. Ne6 Kb5 79. Nd4+ Kxa5 80. Nc2 Ka4 81. Kb2 1/2-1/2

[Event "Verbandsliga Sued Baden 1112"]
[Site "Germany"]
[Date "2012.02.12"]
[Round "6.6"]
[White "Trabert, Lukas"]
[Black "Rosenau, Sven"]
[Result "1-0"]
[WhiteElo "2186"]
[BlackElo "1978"]
[PlyCount "69"]
[EventDate "2011.10.09"]
[EventType "team-tourn"]
[EventRounds "9"]
[EventCountry "GER"]
[SourceTitle "EXT 2013"]
[Source "ChessBase"]
[SourceDate "2012.11.22"]
[SourceVersion "1"]
[SourceVersionDate "2012.11.22"]
[SourceQuality "1"]
[WhiteTeam "Zaehringen"]
[BlackTeam "Iffezheim"]
[WhiteTeamCountry "GER"]
[BlackTeamCountry "GER"]

1. e4 c5 2. d3 Nc6 3. f4 d6 4. g3 g6 5. Bg2 Bg7 6. c3 e5 7. Nf3 Nge7 8. 0-0 0-0 9. a4 Rb8 10. Na3 a6 11. Be3 b6 12. h3 Qc7 13. d4 exd4 14. cxd4 Nb4 15. Rc1 Be6 16. Ng5 Bd7 17. a5 Na2 18. axb6 Qd8 19. Ra1 Nb4 20. Rf2 cxd4 21. Bxd4 Bxd4 22. Qxd4 Qxb6 23. Rd1 d5 24. Qxb6 Rxb6 25. exd5 Nf5 26. Nc4 Rbb8 27. g4 Nh4 28. Bf1 h6 29. Ne4 f5 30. Nc5 Bb5 31. Ne5 Rfd8 32. d6 Rb6 33. Bxb5 axb5 34. Rfd2 Nc6 35. Kf2 1-0

[Event "Oberliga Baden 0910"]
[Site "Germany"]
[Date "2010.04.11"]
[Round "9.7"]
[White "Raps, Johannes"]
[Black "Trabert, Lukas"]
[Result "0-1"]
[WhiteElo "2181"]
[BlackElo "2192"]
[PlyCount "108"]
[EventDate "2009.10.18"]
[EventType "team-tourn"]
[EventRounds "9"]
[EventCountry "GER"]
[SourceTitle "EXT 2011"]
[Source "ChessBase"]
[SourceDate "2010.11.26"]
[SourceVersion "1"]
[SourceVersionDate "2010.11.26"]
[SourceQuality "1"]
[WhiteTeam "Bad Mergentheim"]
[BlackTeam "Zaehringen"]
[WhiteTeamCountry "GER"]
[BlackTeamCountry "GER"]

1. d4 d5 2. Nf3 c6 3. e3 Bg4 4. c4 e6 5. Nc3 Nd7 6. b3 f5 7. Be2 Bd6 8. 0-0 Ngf6 9. h3 Bxf3 10. Bxf3 0-0 11. Bb2 Ne4 12. Be2 Qh4 13. f4 g5 14. Nxe4 fxe4 15. Bg4 Rae8 16. Bc1 Rf6 17. Bd2 Qh6 18. g3 Qg7 19. Kh2 Ref8 20. Qe2 Kh8 21. c5 Bc7 22. fxg5 Qxg5 23. Rxf6 Nxf6 24. Rf1 Re8 25. Be1 h5 26. Rxf6 Qxf6 27. Bxh5 Rf8 28. Kg2 Qg5 29. Bg4 Qh6 30. b4 a6 31. a4 Qf6 32. Qf2 Kg7 33. Qe2 Qh6 34. a5 Kf6 35. Bf2 Ke7 36. Be1 Qf6 37. Qf2 Qg5 38. Qe2 Qh6 39. Bf2 Kd8 40. Be1 Kc8 41. Bf2 Kb8 42. Qe1 Qf6 43. Bg1 e5 44. Bf2 Qg7 45. Bd1 Qg5 46. h4 Qh6 47. dxe5 Bxe5 48. g4 Ka7 49. Be2 Qg7 50. Qd1 Qf6 51. Be1 Bb8 52. Qd4 Qf7 53. b5 axb5 54. a6 Qc7 0-1

[Event "Oberliga Baden 0910"]
[Site "Germany"]
[Date "2010.02.07"]
[Round "6.6"]
[White "Trabert, Lukas"]
[Black "Schloetzer, Waldemar"]
[Result "0-1"]
[WhiteElo "2192"]
[BlackElo "2272"]
[PlyCount "86"]
[EventDate "2009.10.18"]
[EventType "team-tourn"]
[EventRounds "9"]
[EventCountry "GER"]
[SourceTitle "EXT 2011"]
[Source "ChessBase"]
[SourceDate "2010.11.26"]
[SourceVersion "1"]
[SourceVersionDate "2010.11.26"]
[SourceQuality "1"]
[WhiteTeam "Zaehringen"]
[BlackTeam "Buchen"]
[WhiteTeamCountry "GER"]
[BlackTeamCountry "GER"]

1. e4 d6 2. d4 Nf6 3. Nc3 e5 4. Nf3 Nbd7 5. Bc4 Be7 6. dxe5 dxe5 7. Bxf7+ Kxf7 8. Ng5+ Kg8 9. Ne6 Qe8 10. Nxc7 Qg6 11. Be3 Qxg2 12. Rf1 Rb8 13. Bxa7 Bc5 14. Bxb8 Nxb8 15. Qd3 Bd4 16. 0-0-0 Nc6 17. Rg1 Qxf2 18. Rg3 Kf8 19. N3d5 Qxh2 20. Nxf6 gxf6 21. Rf1 f5 22. c3 Nb4 23. cxb4 Qxb2+ 24. Kd1 f4 25. Nb5 Qa1+ 26. Kd2 Qb2+ 27. Qc2 Qxb4+ 28. Kd1 Be6 29. Nxd4 Qxd4+ 30. Rd3 Qb6 31. Kc1 Kf7 32. Qb2 Qc6+ 33. Rc3 Qxe4 34. Rc7+ Kf6 35. Qc2 Qe3+ 36. Kb2 Ra8 37. a4 Qd4+ 38. Qc3 Qxa4 39. Re1 Qa2+ 40. Kc1 Ra5 41. Qb4 Qa1+ 42. Kd2 Rd5+ 43. Ke2 Qa2+ 0-1

[Event "Oberliga Baden 0809"]
[Site "Germany"]
[Date "2009.03.15"]
[Round "8.5"]
[White "Trabert, Lukas"]
[Black "Meszaros, Gyula"]
[Result "1-0"]
[WhiteElo "2190"]
[BlackElo "2408"]
[PlyCount "75"]
[EventDate "2008.10.05"]
[EventType "team-tourn"]
[EventRounds "9"]
[EventCountry "GER"]
[SourceTitle "EXT 2010"]
[Source "ChessBase"]
[SourceDate "2010.11.25"]
[SourceVersion "1"]
[SourceVersionDate "2010.11.25"]
[SourceQuality "1"]
[WhiteTeam "Zaehringen"]
[BlackTeam "Buchen"]
[WhiteTeamCountry "GER"]
[BlackTeamCountry "GER"]

1. Nc3 e6 2. d4 d5 3. e4 Bb4 4. exd5 exd5 5. Bd3 Nc6 6. Nge2 Nge7 7. 0-0 0-0 8. Ng3 f5 9. Nce2 Bd6 10. f4 Nb4 11. Kh1 b6 12. Ng1 Ng6 13. Be2 Ba6 14. c3 Bxe2 15. Qxe2 Re8 16. Qd1 Nc6 17. Nxf5 Rf8 18. Qh5 Rf7 19. Nh3 Nf8 20. Ne3 Ne7 21. Nxd5 Neg6 22. Bd2 c6 23. f5 Nh8 24. Ne3 Qc7 25. Ng5 Rd7 26. Ng4 Nf7 27. Ne6 Qb7 28. Rf3 Re8 29. Ng5 Nxg5 30. Qxg5 Kh8 31. f6 Ne6 32. Qf5 Nd8 33. Rh3 g6 34. Qxg6 Rg8 35. Qf5 c5 36. Bh6 Bf8 37. Bg7+ Rdxg7 38. fxg7+ 1-0

[Event "Oberliga Baden 0809"]
[Site "Germany"]
[Date "2008.10.26"]
[Round "2.5"]
[White "Trabert, Lukas"]
[Black "Duschek, Volker"]
[Result "1/2-1/2"]
[WhiteElo "2190"]
[BlackElo "2254"]
[PlyCount "153"]
[EventDate "2008.10.05"]
[EventType "team-tourn"]
[EventRounds "9"]
[EventCountry "GER"]
[SourceTitle "EXT 2010"]
[Source "ChessBase"]
[SourceDate "2010.11.25"]
[SourceVersion "1"]
[SourceVersionDate "2010.11.25"]
[SourceQuality "1"]
[WhiteTeam "Zaehringen"]
[BlackTeam "Karlsruhe"]
[WhiteTeamCountry "GER"]
[BlackTeamCountry "GER"]

1. Nc3 c5 2. Nf3 d6 3. e3 g6 4. d4 cxd4 5. exd4 Bg7 6. Bb5+ Nd7 7. 0-0 Ngf6 8. Bf4 0-0 9. Qd2 a6 10. Bd3 b5 11. Bh6 Bb7 12. Bxg7 Kxg7 13. Ng5 h6 14. Nh3 e5 15. dxe5 dxe5 16. Rae1 Re8 17. f3 Nc5 18. Nf2 Rc8 19. a3 Qd4 20. Qe3 b4 21. axb4 Qxb4 22. Qc1 Re6 23. Re3 Rb6 24. Rxe5 Qxb2 25. Qxb2 Rxb2 26. Ncd1 Nxd3 27. cxd3 Ra2 28. Re7 Bd5 29. Ne3 Be6 30. d4 Re2 31. Nfd1 Rd2 32. Ra7 Rc6 33. f4 Rxd4 34. f5 gxf5 35. g3 Rd2 36. Ng2 Nd5 37. Nh4 Rc1 38. Nf2 Rcc2 39. Nf3 Nb4 40. Nxd2 Rxd2 41. Rb1 Rd4 42. Rd1 Rc4 43. Nd3 Nxd3 44. Rxd3 f4 45. gxf4 Rxf4 46. Rxa6 Rg4+ 47. Rg3 Rxg3+ 48. hxg3 Kf6 49. Ra5 Kg6 50. Kf2 Kf6 51. Ke3 Kg6 52. Kf4 Kf6 53. Ra8 Kg6 54. Rb8 Kg7 55. Ke5 Bd7 56. Kd6 Be6 57. Ke7 Bg4 58. Rb4 Be6 59. Rf4 h5 60. Rb4 Bc8 61. Rb5 Kg6 62. Rb8 Be6 63. Rg8+ Kh7 64. Rg5 Kh6 65. Kf6 Ba2 66. Ra5 Be6 67. Rc5 Bb3 68. Rc6 Be6 69. Rb6 Bc4 70. Rb4 Be6 71. Rh4 Bg4 72. Kxf7 Kg5 73. Ke7 Kf5 74. Rh2 Bf3 75. Rh4 Bg4 76. Rh1 Bf3 77. Rh4 1/2-1/2

[Event "Oberliga Baden 0708"]
[Site "Germany"]
[Date "2007.12.09"]
[Round "4.5"]
[White "Trabert, Lukas"]
[Black "Nekrasov, Mihail"]
[Result "1-0"]
[WhiteElo "2161"]
[BlackElo "2388"]
[PlyCount "71"]
[EventDate "2007.10.21"]
[EventType "team-tourn"]
[EventRounds "9"]
[EventCountry "GER"]
[SourceTitle "EXT 2009"]
[Source "ChessBase"]
[SourceDate "2008.11.26"]
[SourceVersion "1"]
[SourceVersionDate "2008.11.26"]
[SourceQuality "1"]
[WhiteTeam "Zaehringen"]
[BlackTeam "Hockenheim"]
[WhiteTeamCountry "GER"]
[BlackTeamCountry "GER"]

1. Nc3 d5 2. e4 dxe4 3. Nxe4 Qd5 4. Ng3 Nf6 5. d4 e5 6. Nf3 Bg4 7. dxe5 Qxd1+ 8. Kxd1 Nfd7 9. Bf4 Nc6 10. e6 Nde5 11. exf7+ Kxf7 12. Be2 Bxf3 13. gxf3 Rd8+ 14. Kc1 Bd6 15. Be3 Rhe8 16. c3 Ng6 17. Kc2 Kg8 18. Ne4 Nce5 19. h4 Rf8 20. Rad1 Nf4 21. Bf1 b6 22. Ng5 Rde8 23. Bd4 g6 24. Bb5 Re7 25. Rhe1 h6 26. Bxe5 Bxe5 27. Bc4+ Kg7 28. Rxe5 Rxe5 29. Rd7+ Kf6 30. Nh7+ Kf5 31. Nxf8 Re8 32. Rf7+ Ke5 33. Bb5 c6 34. Bxc6 Rc8 35. Bd7 Rd8 36. Rxf4 1-0

[Event "Oberliga Baden 0708"]
[Site "Germany"]
[Date "2007.11.24"]
[Round "3.5"]
[White "Dudek, Richard"]
[Black "Trabert, Lukas"]
[Result "1/2-1/2"]
[WhiteElo "2256"]
[BlackElo "2161"]
[PlyCount "52"]
[EventDate "2007.10.21"]
[EventType "team-tourn"]
[EventRounds "9"]
[EventCountry "GER"]
[SourceTitle "EXT 2009"]
[Source "ChessBase"]
[SourceDate "2008.11.26"]
[SourceVersion "1"]
[SourceVersionDate "2008.11.26"]
[SourceQuality "1"]
[WhiteTeam "Eppingen II"]
[BlackTeam "Zaehringen"]
[WhiteTeamCountry "GER"]
[BlackTeamCountry "GER"]

1. e4 e5 2. Nf3 Nc6 3. Bb5 g6 4. d4 exd4 5. Bxc6 dxc6 6. Qxd4 Qxd4 7. Nxd4 Bg7 8. c3 Bd7 9. Bf4 0-0-0 10. Nd2 c5 11. N4b3 b6 12. 0-0-0 Re8 13. f3 a5 14. Nc4 a4 15. Nbd2 f5 16. exf5 Bxf5 17. Nxb6+ cxb6 18. Nc4 Bh6 19. Nd6+ Kb8 20. Bxh6 Nxh6 21. Nxe8 Rxe8 22. Rhe1 Rf8 23. Re7 Nf7 24. g4 Bc8 25. h4 h6 26. Kd2 Nd6 1/2-1/2

[Event "Oberliga Baden 0506"]
[Site "Germany"]
[Date "2006.01.29"]
[Round "6.4"]
[White "Meinhardt, Maximilian"]
[Black "Trabert, Lukas"]
[Result "1-0"]
[WhiteElo "2324"]
[BlackElo "2164"]
[PlyCount "63"]
[EventDate "2005.10.23"]
[EventType "team-tourn"]
[EventRounds "9"]
[EventCountry "GER"]
[SourceTitle "EXT 2007"]
[Source "ChessBase"]
[SourceDate "2006.11.23"]
[SourceVersion "1"]
[SourceVersionDate "2006.11.23"]
[SourceQuality "1"]
[WhiteTeam "Eppingen II"]
[BlackTeam "Freiburg"]
[WhiteTeamCountry "GER"]
[BlackTeamCountry "GER"]

1. e4 e5 2. Nf3 d6 3. d4 exd4 4. Nxd4 g6 5. g3 Bg7 6. Bg2 Nf6 7. 0-0 0-0 8. Nc3 Nc6 9. Nde2 Be6 10. h3 Qd7 11. Kh2 Rae8 12. Re1 Qc8 13. Be3 Bd7 14. Qc1 Ne5 15. b3 Bc6 16. f3 a6 17. Bh6 Bxh6 18. Qxh6 d5 19. Qh4 dxe4 20. fxe4 Qd8 21. Rad1 Qe7 22. Nd4 Bd7 23. Rf1 Kg7 24. Nf3 Bc6 25. Nd4 Bd7 26. Rd2 h6 27. Qf4 c5 28. Nf3 Bc6 29. Nd5 Bxd5 30. exd5 Qd6 31. Nxe5 Nh5 32. Nc4 1-0

[Event "Oberliga Baden 0405"]
[Site "Germany"]
[Date "2005.01.30"]
[Round "6.4"]
[White "Mueller, Rudolf"]
[Black "Trabert, Lukas"]
[Result "1-0"]
[WhiteElo "2295"]
[BlackElo "2178"]
[PlyCount "77"]
[EventDate "2004.10.24"]
[EventType "team-tourn"]
[EventRounds "9"]
[EventCountry "GER"]
[SourceTitle "EXT 2007"]
[Source "ChessBase"]
[SourceDate "2006.11.23"]
[SourceVersion "1"]
[SourceVersionDate "2006.11.23"]
[SourceQuality "1"]
[WhiteTeam "Karlsruhe II"]
[BlackTeam "Freiburg"]
[WhiteTeamCountry "GER"]
[BlackTeamCountry "GER"]

1. e4 Nc6 2. Nf3 d5 3. exd5 Qxd5 4. Nc3 Qa5 5. Bb5 Bd7 6. d4 Nf6 7. 0-0 Ne4 8. Nxe4 Qxb5 9. d5 Nb8 10. b3 Bg4 11. Bf4 Na6 12. c4 Qd7 13. h3 Qf5 14. hxg4 Qxf4 15. Qd4 h5 16. g5 0-0-0 17. Ne5 Kb8 18. g6 c5 19. Qc3 fxg6 20. Nxg6 Qxe4 21. Nxh8 Qf5 22. Rae1 g5 23. Qe5+ Qxe5 24. Rxe5 Bg7 25. Nf7 Rf8 26. Rf5 Nb4 27. f4 g4 28. Re1 Nc2 29. Rxe7 Nd4 30. Rxh5 Bf6 31. d6 Nc6 32. Rd7 g3 33. Ne5 Bxe5 34. fxe5 Nd4 35. Rf7 Ne2+ 36. Kf1 Rxf7+ 37. Kxe2 Rf2+ 38. Ke3 Kc8 39. e6 1-0

[Event "Oberliga Baden 0405"]
[Site "Germany"]
[Date "2005.01.16"]
[Round "5.5"]
[White "Drechsler, Christoph"]
[Black "Trabert, Lukas"]
[Result "1-0"]
[WhiteElo "2142"]
[BlackElo "2178"]
[PlyCount "55"]
[EventDate "2004.10.24"]
[EventType "team-tourn"]
[EventRounds "9"]
[EventCountry "GER"]
[SourceTitle "EXT 2007"]
[Source "ChessBase"]
[SourceDate "2006.11.23"]
[SourceVersion "1"]
[SourceVersionDate "2006.11.23"]
[SourceQuality "1"]
[WhiteTeam "Konstanz"]
[BlackTeam "Freiburg"]
[WhiteTeamCountry "GER"]
[BlackTeamCountry "GER"]

1. d4 d6 2. Nf3 Nd7 3. e4 c6 4. Bd3 e5 5. c3 g6 6. 0-0 Bg7 7. Nbd2 Ne7 8. a4 0-0 9. b3 d5 10. Ba3 Kh8 11. Qc2 f5 12. exd5 e4 13. dxc6 exd3 14. cxb7 Bxb7 15. Qxd3 Re8 16. Ng5 Qb6 17. Nf7+ Kg8 18. Nd6 Ba6 19. Qe3 Nd5 20. Qf3 Nxc3 21. Qxc3 Bxd4 22. Qf3 Bxf1 23. Rxf1 Nf6 24. N2c4 Qa6 25. Qd3 Bb6 26. Nxe8 Rxe8 27. Qd6 Rf8 28. Qxf8# 1-0